Statistics for Missing Lyrics - One Direction - Drag Me Down

Click here to take the quiz!

General Stats

  • This quiz has been taken 4,888 times
  • The average score is 11 of 16

Answer Stats

Fill the missing lyrics% Correct
I'm not {scared} of the dark
98%
I've got fire for a {heart}
98%
I got a {river} for a soul
79%
And baby you're a {boat}
74%
Baby, {you're my only reason}
74%
You've never seen {it look so easy}
73%
{All my life}, you stood by me
70%
If I didn't have you, I'd {never see the sun}
70%
If I didn't have you {there would be nothing left}
66%
When no one else {was ever behind me}
62%
Nobody, nobody, {nobody can drag me down}
61%
With your love, {nobody can drag me down}
61%
The {shell of a man} who could never be his best
56%
They can't {blind} me
56%
{You taught me} how to be someone, yeah
56%
{All these lights}
52%

Score Distribution

Percentile by Number Answered

Percent of People with Each Score

Your Score History

You have not taken this quiz